000 00346nam a2200109Ia 4500
008 171211s9999 xx 000 0 und d
245 4 _aThe Monster Book of Manga Steampunk Gothic
245 _cJorge Belaguer
260 _c2015
650 _xDrawing
856 _uhttp://down.ebook777.com/The%20Monster%20Book%20of%20Manga%20Steampunk%20Gothic.epub
999 _c348063
_d348063